000 00703ngm a2200313 a 4500
003 OSt
005 20251020182657.0
008 240217s9999 xx 000 0 und d
040 _aPE SENCICO BE
040 _cPE SENCICO BE
041 _aspa
082 _aH001
245 0 _aEl adobe:
245 0 _bVivienda y Construcción /
245 0 _cMinisterio de Vivienda
260 _aLima
260 _bMinisterio de Vivienda
260 _c1983
300 _a1 VIDEO
300 _bson., Col.
300 _c10'
490 _aMATERIALES NO CONVENCIONALES
650 _aADOBE
650 _aCONSTRUCCION
650 _aVIVIENDA
651 _aPERÚ
910 _aila.
942 _cVID
_2ddc
999 _c4718
_d4718